Movies Quiz

Random Movies or Word Play Quiz

Split & Stripped Movies Quiz Stats

 Plays Quiz not verified by Sporcle

Score 0/18 Timer 04:00
0 Plays Today
% Correct
Caddyshack
93.6%
Braveheart
90.1%
Waterworld
87.2%
Flashdance
85.4%
Dreamgirls
85.2%
Spaceballs
83.3%
Spellbound
81.5%
Nighthawks
81.3%
Earthquake
71.9%
% Correct
Striptease
69.9%
Stagecoach
66.8%
Underworld
65.9%
Innerspace
63.4%
Moonstruck
62.9%
Brainstorm
58.7%
Houseguest
52.7%
Grindhouse
49.1%
Rhinestone
47.2%

You're not logged in!

Compare scores with friends on all Sporcle quizzes.
OR
Log In

Show Comments

Extras

Top Quizzes Today


Score Distribution

Your Account Isn't Verified!

In order to create a playlist on Sporcle, you need to verify the email address you used during registration. Go to your Sporcle Settings to finish the process.

Report this User

Report this user for behavior that violates our Community Guidelines.

Details: